Opening Lines of Depeche Mode Songs - Statistics

General Stats
  • This quiz has been taken 680 times
  • The average score is 10 of 16
Answer Stats
Hint Answer % Correct
Words like violence break the silence. Enjoy the Silence
91%
I’m taking a ride with my best friend. Never Let Me Down Again
82%
The handshake seals the contract. Everything Counts
79%
Come with me into the trees. Stripped
73%
I'm not going down on my knees begging you to adore me. Shake the Disease
72%
You had something to hide. Policy of Truth
71%
When I'm with you baby, I go out of my head. Just Can't Get Enough
69%
There’s a new game we like to play, you see. Master and Servant
66%
Let me take you on a trip around the world and back. World in My Eyes
66%
Girl of sixteen, whole life ahead of her. Blasphemous Rumours
64%
I was born with the wrong sign. Wrong
63%
Fragile, like a baby in your arms. A Question of Lust
61%
I’m not sure what I’m looking for anymore. A Pain That I'm Used To
40%
As your bony fingers close around me. Dream On
31%
I've told myself so many times before. Leave in Silence
28%
A white house, a white room. Photographic
27%
No matching quizzes found
Score Distribution
Percent of People with Each Score
Percentile by Number Answered
Your Score History
You have not taken this quiz